LEADER 01047nam a2200229 u 4500 001 000000017033 003 CaOOAMICUS 005 20070226110048.0 008 940517s1970 it a u000 u ita u 035 $a10399679 040 $aPUL(R)$bita 245 12$aL'oscuramento dell'intelligenza /$cMichele Federico Sciacca. 260 $aMilano :$bMarzorati,$c1970. 300 $a201 p., [1] c. di tav. :$bill. color. ;$c22 cm 490 1 $aOpere complete di M.F. Sciacca ;$v32 650 4$aIntelligenza.$0(OLS)http://pul/subject/12039 650 4$aFilosofia teoretica.$0(OLS)http://pul/subject/3060 800 1 $aSciacca, Michele Federico,$d1908-1975.$tOpere$9(Sciacca, Michele Federico, 1908-1975) ;$v32.$0(OLS)http://pul/nameTitle/30$0(OLS)http://pul/name/3648$0(OLS)http://pul/title/7268 850 $aPUL 852 $aPUL$W1$xDP1 Fondo Giannini$y60$m1559 B 10$j24016$nBK-PRI$b $qFondi$B24016$CPULBib$Z2$F24016 $H $81 961 $aINV: F. Giannini 996 $6260$aMilano :$bMarzorati$9(OLS)http://pul/publisher/49236 LEADER 01468namaa2200301 i 4500 001 000000178443 003 CaOOAMICUS 005 20260129135847.0 007 tu 008 260129s1991 it o 000 u ita r 040 $aPUL$bita$erda 082 0 $a726.5 100 1 $aMencucci, Angelo,$cMonsignore,$d(1914-2006),$eautore.$0(OLS)http://pul/name/17899 245 10$aChiesa della Croce e Confraternita della Croce e SS. Sacramento Senigallia : $bstoria, culto, arte /$cAngelo Mencucci. 264 1$aSenigallia :$bConfraternita della Croce e SS. Sacramento,$cstampa 1991. 300 $a169 pagine :$bfotografie ;$c28 cm 336 $atesto$btxt$2rdacontent 337 $asenza mediazione$bn$2rdamedia 338 $avolume$bnc$2rdacarrier 500 $aIn appendice n.4: ristampa anastatica delle costituzioni della Confraternita del SS.mo Sacramento e Croce di Senigallia. 610 24$aChiesa di S. Croce (Senigallia).$0(OLS)http://pul/subject/47112 850 $aPUL 852 $aPUL$W1$xDP1 Fondo Liberati$y125$m4 C 2$j115105$q$Fondi$B207555$CPULBib$Z2$F207555 $HLib290 $82 941 1 $a1 996 $6082$a726.5$9(OLS)http://pul/classification/2104 996 $6245$aChiesa della Croce e Confraternita della Croce e SS. Sacramento Senigallia : $bstoria, culto, arte$9(OLS)http://pul/title/220026 996 $6264$aSenigallia :$bConfraternita della Croce e SS. Sacramento$9(OLS)http://pul/publisher/87719